[Event "Sampa Chess Open 2024"]
[Site "Sao Paulo"]
[Date "2024.01.30"]
[Round "2.45"]
[White "Bianchini, Marlon"]
[Black "Bonilla Viamonte, Diego Armando"]
[Result "1-0"]
[WhiteElo "1255"]
[BlackElo "1620"]
[PlyCount "95"]
[EventDate "2024.01.29"]
[EventRounds "9"]
[EventCountry "BRA"]

1. e4 c6 2. d4 d5 3. exd5 cxd5 4. Bd3 Nc6 5. c3 Qc7 6. h3 h6 ({RR} 6... e6 7.
Ne2 Bd6 8. Bg5 Nge7 9. Nd2 f6 10. Be3 Nf5 11. O-O e5 12. Bxf5 Bxf5 13. c4 Nb4
14. c5 Bc2 15. Qc1 Be7 16. a3 Bd3 17. axb4 Bxe2 18. Re1 Bh5 19. Nb1 O-O 20. Nc3
Bf7 21. Nb5 {Degraeve,J (2557)-Vallejo Pons,F (2677) Paris 2005 1-0 (47)}) 7.
Nf3 Nf6 8. O-O Be6 $146 ({RR} 8... e6 9. Re1 Bd6 10. Qe2 O-O 11. Ne5 a6 12. Bf4
b5 13. Nd2 Bb7 14. b4 Rac8 15. Nb3 Ne4 16. Bxe4 dxe4 17. Nxc6 Bxf4 18. Nca5 Bd5
19. Nc5 Qd6 20. a4 f5 21. c4 bxc4 22. Nxc4 Qc6 23. Na5 {Sanmateu Juan,S (1612)
-Bello Castano,D (1896) San Sebastian 2014 0-1 (41)}) 9. Be3 g5 10. Nbd2 Rg8
11. c4 g4 12. hxg4 Nxg4 13. Re1 Nxe3 14. Rxe3 Bh3 15. Nh4 Bg4 16. Nhf3 O-O-O
17. cxd5 Rxd5 18. Bc4 Rdg5 19. Bxf7 Bxf3 20. Qxf3 Rxg2+ 21. Qxg2 Rxg2+ 22. Kxg2
Nxd4 23. Nb3 Qc6+ 24. Kg1 Nf3+ 25. Kf1 Qb5+ 26. Kg2 Nh4+ 27. Kh2 Kb8 28. Rd1
Qb6 29. Kg1 e5 30. Red3 Be7 31. Rd7 Nf5 32. Bd5 Bh4 33. Rxb7+ Qxb7 34. Bxb7
Kxb7 35. Rd5 Bf6 36. Nd2 Kc6 37. Ra5 Kb6 38. Nc4+ Kb7 39. Nxe5 Nd4 40. Ng4 Bg7
41. Rd5 Kc6 42. Rh5 Ne2+ 43. Kf1 Nf4 44. Ra5 Kb6 45. Ra3 h5 46. Ra4 Nd3 47. Ne3
Bh6 48. Rd4 1-0

[Event "Sampa Chess Open 2024"]
[Site "Sao Paulo"]
[Date "2024.01.30"]
[Round "2.47"]
[White "Dos Santos, Rafaela Alves"]
[Black "Damasio, Fabio Ferreira"]
[Result "0-1"]
[WhiteElo "1800"]
[BlackElo "1296"]
[PlyCount "68"]
[EventDate "2024.01.29"]
[EventRounds "9"]
[EventCountry "BRA"]

1. e4 Nc6 2. Nf3 e6 3. d4 d5 4. exd5 exd5 5. Be2 Nf6 ({RR} 5... Bb4+ 6. Nbd2
Nge7 7. O-O Bg4 8. c3 Bd6 9. Re1 O-O 10. Nf1 Re8 11. h3 Bh5 12. Bd2 Bg6 13. Qc1
Be4 14. Ng5 Bf5 15. Ng3 Bg6 16. Bf4 {1/2-1/2 (16) Wang,C (2524)-Gupta,A (2619)
Al Ain 2015}) 6. O-O Be7 7. Re1 ({RR} 7. Bg5 O-O 8. Nbd2 Be6 9. c3 Nb8 10. Qc2
c5 11. Bd3 h6 12. Bxf6 Bxf6 13. dxc5 Nc6 14. Nb3 Rc8 15. h3 d4 16. Rfd1 Kh8 17.
Be4 Bxb3 18. axb3 b6 19. Bxc6 Rxc6 20. Nxd4 Bxd4 21. Rxd4 Qf6 {Wang,R-Chen,Z
Changsha CHN 2019 1-0}) 7... O-O 8. c3 $146 ({RR} 8. Ne5 Nxe5 9. dxe5 Ne8 10.
Bf3 c6 11. Bg4 f6 12. e6 Nc7 13. Bf5 g6 14. Qg4 Qe8 15. Bh6 Kh8 16. Bxf8 Bxf8
17. Qf4 Qe7 18. Bd3 Nxe6 19. Qh4 Qb4 20. Qxb4 Bxb4 21. c3 Bc5 22. Nd2 Bd7 {
Schmitz,M (2245)-Merkle,C Cologne 1997 1/2-1/2 (54)}) ({RR} 8. Be3 Re8 9. c3
Bg4 10. Nbd2 Qd6 11. Nf1 Ne4 12. h3 Bh5 13. N3h2 Bxe2 14. Rxe2 Bf6 15. Ng4 Rab8
16. Nxf6+ Qxf6 17. Nd2 Nxd2 18. Qxd2 h6 19. Rae1 Re6 20. Bf4 Rc8 21. Rxe6 fxe6
22. Qe3 Kf7 {Gomez,M-Inostroza Guinao,M Mar del Plata 2013 1/2-1/2 (62)}) 8...
Bf5 9. Bf4 Re8 10. Nbd2 Qd7 11. Bb5 Ne4 12. Ne5 Qd6 13. Nxe4 dxe4 14. g3 Qf6
15. h4 Red8 16. Bg5 Qe6 17. Nxc6 Bxg5 18. Nxd8 Bxd8 19. d5 Qd6 20. Qe2 a6 21.
Bd3 exd3 22. Qf3 g6 23. Re8+ Kg7 24. Rae1 Bd7 25. R8e3 Bf6 26. Rxd3 Re8 27. Rc1
Bf5 28. Rd2 h5 29. b3 Bg4 30. Qg2 g5 31. Rcc2 Re1+ 32. Kh2 gxh4 33. f3 hxg3+
34. Qxg3 Be5 0-1

[Event "Sampa Chess Open 2024"]
[Site "Sao Paulo"]
[Date "2024.01.30"]
[Round "2.49"]
[White "Jenidarchiche, Douglas Rodrigo"]
[Black "Oliveira, Silvio Eduardo"]
[Result "0-1"]
[WhiteElo "1845"]
[BlackElo "2297"]
[PlyCount "64"]
[EventDate "2024.01.29"]
[EventRounds "9"]
[EventCountry "BRA"]

1. e4 e5 2. Nf3 Nc6 3. Nc3 Nf6 4. d4 exd4 5. Nxd4 Bb4 6. Nxc6 bxc6 7. Bd3 d5 8.
exd5 O-O 9. O-O Bg4 10. Be2 ({RR} 10. f3 Bh5 11. Bg5 Qd6 12. Bxf6 Qxf6 13. Ne4
Qxb2 14. dxc6 Bg6 15. Kh1 Qd4 16. Qe2 Rfe8 17. Rad1 Qe5 18. Bc4 Rad8 19. Rd7
Rxd7 20. cxd7 Rd8 21. Rd1 Kf8 22. c3 Ba3 23. Rd5 Qe7 24. Bb5 Bd6 {Yu Yangyi 
(2738)-Mamedyarov,S (2774) Stavanger NOR 2019 1-0}) ({RR} 10. Ne2 cxd5 11. h3
Bh5 12. c4 Re8 13. Qc2 Bxe2 14. Bxe2 d4 15. a3 Bf8 16. Bf3 Rb8 17. Bf4 a5 18.
Rad1 Bc5 19. Qf5 Bf8 20. Qxa5 Rxb2 21. Bxc7 Qd7 22. Bb6 d3 23. c5 Qd4 24. Rb1
Rc2 {Soucek,P (2144)-Dev,S (2248) Prague CZE 2022 1/2-1/2}) 10... Bxe2 11. Nxe2
Re8 12. Bg5 $146 ({RR} 12. c3 Bc5 13. Nd4 cxd5 14. Be3 Ne4 15. Qd3 Qf6 16. Rad1
Bb6 17. Nc2 Rad8 18. Bd4 Qd6 19. Bxb6 axb6 20. Nd4 c6 21. Rfe1 g6 22. Re2 Re7
23. Rde1 Rde8 24. g3 Qd7 25. f3 Nc5 26. Rxe7 Rxe7 {Blagojevic,T (2232)
-Warmerdam,M (2417) Hoogeveen NED 2018 1/2-1/2 (33)}) ({RR} 12. c4 cxd5 13.
cxd5 Nxd5 14. Ng3 c6 15. Bd2 a5 16. Qc2 Qb6 17. Rad1 Re6 18. Rfe1 Rae8 19. Rxe6
Rxe6 20. Bxb4 Qxb4 21. a3 Qe7 22. Qd2 a4 23. Qa5 g6 24. Qa8+ Kg7 25. Qxa4 h5
26. Qd4+ Kh7 {Moiseenko,V (2495)-Goganov,A (2597) Finland FIN 2019 1/2-1/2 (66)
}) 12... Bd6 13. Nc3 h6 14. Bh4 g5 15. Bg3 cxd5 16. Qf3 Rb8 17. b3 Rb6 18. Rad1
Bxg3 19. fxg3 Re5 20. Na4 Rd6 21. Rf2 Qe7 22. Rdf1 Rde6 23. Qd3 Ng4 24. Rf3 Re1
25. Qxd5 Rxf1+ 26. Rxf1 Ne3 27. Qa8+ Kg7 28. Re1 c6 29. h3 Qb4 30. Re2 Qd4 31.
Rxe3 Rxe3 32. Kh2 Qe5 0-1

[Event "Sampa Chess Open 2024"]
[Site "Sao Paulo"]
[Date "2024.01.30"]
[Round "2.50"]
[White "Dionisio, Alex Monteiro"]
[Black "De Oliveira, Lucas Silva"]
[Result "1/2-1/2"]
[WhiteElo "1514"]
[BlackElo "1800"]
[PlyCount "83"]
[EventDate "2024.01.29"]
[EventRounds "9"]
[EventCountry "BRA"]

1. e4 c5 2. Nf3 e6 3. d3 Nc6 4. g3 g6 5. Bg2 Bg7 6. O-O Nge7 7. Qe2 O-O 8. e5 (
{RR} 8. Nbd2 Qc7 9. c3 d6 10. Rd1 e5 11. Nc4 h6 12. d4 cxd4 13. cxd4 exd4 14.
Bf4 Rd8 15. Rac1 Be6 16. b4 b5 17. Nxd6 Rxd6 18. Qxb5 g5 19. Bxd6 Qxd6 20. e5
Qxb4 21. Nxd4 Qxb5 22. Nxb5 Rb8 {Sale,S (2445)-Dizdar,G (2535) Ljubljana 1995
1/2-1/2}) ({RR} 8. Nbd2 d6 9. Re1 e5 10. c3 a6 11. a4 Rb8 12. Nc4 b5 13. axb5
axb5 14. Ne3 b4 15. Nd5 Nxd5 16. exd5 Ne7 17. c4 h6 18. h4 Kh7 19. Be3 Rb7 20.
Ra8 Qc7 21. Rea1 Nf5 22. Nd2 Nxe3 {Doroshenko,D (2141)-Sviridova,V (2144)
chess.com INT 2021 0-1 (39)}) 8... d6 9. exd6 Qxd6 10. Nbd2 Nf5 $146 ({RR} 
10... Nd4 11. Nxd4 cxd4 12. Nc4 Qd7 13. a4 Nd5 14. b3 Qc7 15. Re1 b6 16. Bxd5
exd5 17. Bf4 Qc6 18. Ne5 Qc5 19. h4 Re8 20. Qd2 Bf5 21. Nf3 Rac8 22. Rxe8+ Rxe8
23. Re1 Rc8 24. Kg2 Qxc2 25. Re8+ {Vasiukov,E-Doroshkievich,V Tbilisi (Georgia)
1967 1/2-1/2 (38)}) ({RR} 10... b6 11. Nc4 Qd8 12. Re1 Bb7 13. a4 Nf5 14. c3
Nd6 15. Bg5 Qd7 16. Nfe5 {1/2-1/2 (16) Nicevski,R-Farago,I Polanica Zdroj 1974}
) ({RR} 10... Qc7 11. h4 h6 12. Re1 e5 13. Nc4 Bg4 14. Be3 b6 15. Qd2 Kh7 16.
c3 Rad8 17. Qc2 Be6 18. Rad1 Rd7 19. Nh2 Rfd8 20. Bf1 f5 21. Bc1 Nd5 22. Bh3
Kh8 23. Nf3 Re7 24. Bd2 Rde8 25. Re2 {Lei,T (2232)-Cheng,B (2425) Canberra
2013 1-0 (85)}) 11. Ne4 Ncd4 12. Nxd4 Nxd4 13. Qd1 Qc7 14. Be3 f5 15. Nc3 Bd7
16. Rb1 Bc6 17. f3 e5 18. Ne2 Rac8 19. c3 Ne6 20. Qb3 Qd7 21. Rbd1 Rcd8 22. f4
Bxg2 23. Kxg2 b6 24. fxe5 Bxe5 25. d4 cxd4 26. cxd4 Bd6 27. d5 Nc5 28. Bxc5
bxc5 29. Qc4 Rfe8 30. Nc3 Rb8 31. Nb5 Rb6 32. Nxd6 Rxb2+ 33. Rf2 Rxf2+ 34. Kxf2
Qxd6 35. Rc1 Rd8 36. Qxc5 Qxd5 37. Qxd5+ Rxd5 38. Rc8+ Kg7 39. Rc7+ Kf6 40.
Rxa7 Rd2+ 41. Kg1 h5 42. Ra6+ 1/2-1/2

[Event "Sampa Chess Open 2024"]
[Site "Sao Paulo"]
[Date "2024.01.30"]
[Round "2.51"]
[White "Pereira, Igor Marcelo Souza"]
[Black "Nunes, Rafael Klanfer"]
[Result "0-1"]
[WhiteElo "1351"]
[BlackElo "1789"]
[PlyCount "84"]
[EventDate "2024.01.29"]
[EventRounds "9"]
[EventCountry "BRA"]

1. e4 {Ftacnik,L} c5 2. Nf3 d6 3. d4 cxd4 4. Nxd4 Nf6 5. Nc3 a6 6. f3 h5 7. Be3
e5 8. Nb3 Be7 9. Qd2 Be6 10. O-O-O Nbd7 11. Be2 ({RR} 11. h3 Qc7 ({RR} 11...
Rc8 12. Be2 ({RR} 12. f4 b5 13. Bd3 Bc4 14. Kb1 Qc7 15. Rhf1 h4 16. Rf2 O-O 17.
Rg1 b4 18. Nd5 Nxd5 19. exd5 Bxd3 20. Qxd3 Nf6 21. Rd1 Rfd8 22. Qxa6) 12... h4
13. f4 ({RR} 13. Kb1 b5 14. Rhe1 Nb6 15. Bxb6 Qxb6 16. f4 O-O 17. Bf3 Rc4 18.
Qd3 Rfc8 19. fxe5 dxe5 20. Nd5 Bxd5 21. exd5 Bd6 22. c3 g6) 13... b5 14. Bf3 b4
15. Ne2 a5 16. Kb1 Qc7 17. Rhe1 a4 18. Nbc1 Qb7 19. Ng1 Nxe4 20. Bxe4 Qxe4 21.
fxe5 b3) 12. Bd3 h4 ({RR} 12... O-O 13. g4 Nb6 14. Kb1) 13. f4 b5 14. Rhe1 ({RR
} 14. f5 Bc4 15. a3 O-O 16. Qe1 d5) 14... Rb8 ({RR} 14... exf4 15. Bxf4 O-O 16.
Bg5 Ne5 17. Bxh4 b4 18. Ne2 a5) 15. Kb1 ({RR} 15. f5 Bc4 16. Qe2 b4 17. Nb1
Bxd3 18. Qxd3 O-O) 15... Nb6 16. Qf2 b4 17. Ne2 ({RR} 17. Nd5 Nbxd5 18. exd5
Nxd5 19. fxe5 dxe5 20. Bc5 Nf4 ({RR} 20... Nc3+ 21. bxc3 Bxb3 22. cxb3 Bxc5 23.
Qf5) 21. Bxe7 Kxe7 22. Nc5) 17... Nc4 18. Nd2 ({RR} 18. Bc1 a5 19. f5 Bd7 20.
Nd2 Nxd2+ 21. Bxd2 a4) 18... Nxe3 ({RR} 18... Nxd2+ 19. Bxd2 a5) 19. Qxe3 a5
20. b3 a4 21. Bc4 ({RR} 21. f5 Bd7 22. g4 hxg3 23. Qxg3 Rh7) 21... axb3 22.
cxb3 ({RR} 22. axb3 Ra8) 22... Bd7 ({RR} 22... O-O 23. Rc1 Qb7 24. Bxe6 fxe6
25. Rc2 Nh5 26. fxe5 dxe5) 23. Nf3 O-O ({RR} 23... Qb6 24. Qxb6 Rxb6 25. fxe5
Nxe4 26. Rd4) 24. fxe5 dxe5 25. Nxh4 ({RR} 25. Rc1 Qa5 26. Nxh4 Ra8 27. Rc2
Rfc8) 25... Bc6 {Svidler,P (2728)-Topalov,V (2783) Morelia/Linares 2007 CBM
117 [Ftacnik,L] 1/2-1/2 (38)} ({RR} 25... Bc5 26. Qf3 Ra8 27. Nf5) {RR} 26. Rc1
Nxe4 27. Bd5 Bxh4 28. Rxc6 Qd7 29. Rd1 Nf2 30. Rd2 Qf5+) ({RR} 11. Kb1 Qc7 12.
h3 ({RR} 12. Bd3 b5 13. Bg5 Nb6 14. f4 Rb8 15. Rhe1 Nc4) 12... b5 13. Bd3 h4
14. f4 Rc8 ({RR} 14... Nb6 15. Bxb6 Qxb6 16. Rhe1 O-O) 15. Rhe1 g6 16. Qf2 Qb7
17. Na5 Qb8 18. f5 gxf5 19. exf5 Bc4 20. Nxc4 bxc4 21. Be4 Nxe4 22. Nxe4) 11...
Rb8 $146 ({RR} 11... Qc7 12. Kb1 b5 13. Bxb5 axb5 14. Nxb5 Qc6 15. Nxd6+ Bxd6
16. Qxd6 Qa4 17. a3 Bxb3 18. cxb3 Qxb3 19. Rd3 Qb8 20. Qxb8+ Rxb8 21. Ka2 O-O
22. b4 Rfc8 23. Kb3 Nc5+ 24. Bxc5 Rxc5 25. Rhd1 Rcb5 26. Rd8+ {Bratanov,
J-Velchev,H (2066) Mizia 2002 1-0 (40)}) ({RR} 11... Qc7 12. Kb1 b5 13. Nd5
Bxd5 14. exd5 Rc8 15. c3 Nb6 16. Bxb6 Qxb6 17. Qd3 g6 18. h4 ({RR} 18. Nd2 h4
19. Ne4 Nh5 20. g3 f5 21. Nd2 Kf7 22. f4 e4 23. Nxe4 fxe4 24. Qxe4 Ng7 25. Bd3
Rh6 26. gxh4 Re8 27. Rhg1 Bf6 28. Qg2 Nf5 29. h5 Ne3 30. Bxg6+ Kf8 31. Qf2 Re7
32. Rd3 Nc4) 18... Rb8 19. g4 a5 20. g5 Nd7 21. Rhf1 a4 22. Nd2 b4 23. c4 a3
24. Nb3 Qa7 25. Rd2 axb2 26. f4 {Pimenta,E (1829)-Braga,K (1442) Florianopolis
2024 1-0 (45)}) ({RR} 11... b5 12. h4 Nb6 13. Bxb6 Qxb6 14. Nd5 Nxd5 15. exd5
Bd7 16. f4 Bf6 17. Bf3 g6 18. g3 a5 19. Rhe1 O-O 20. fxe5 Bxe5 21. Nd4 b4 22.
Nc6 Bxc6 23. dxc6 a4 24. Qg5 b3 25. cxb3 axb3 26. a3 {Seemann,S (1671)-Meyner,
H (1988) Norderstedt 2005 0-1}) ({RR} 11... Rc8 12. Kb1 b5 13. f4 b4 14. Nd5
Bxd5 15. exd5 a5 16. fxe5 Nxe5 17. h3 h4 18. Rhe1 Qc7 19. Bd4 Ne4 20. Bb5+ {
1-0 (20) Aguila Hernandez,E-Hernandez Leon,S (2143) Gran Canaria 2009}) 12.
Rdg1 b5 13. g4 hxg4 14. fxg4 b4 15. Nd5 Nxe4 16. Qd3 Bg5 17. Nc7+ Qxc7 18. Qxe4
Bxe3+ 19. Qxe3 Rc8 20. Bd3 Bd5 21. Be4 Bxe4 22. Qxe4 Nc5 23. Nxc5 Qxc5 24. g5
Rxh2 25. Kb1 Qxc2+ 26. Qxc2 Rcxc2 27. Rxh2 Rxh2 28. Rc1 Kd7 29. Rc4 a5 30. a3
b3 31. Kc1 f6 32. gxf6 gxf6 33. Ra4 Rc2+ 34. Kb1 Rc5 35. Rg4 f5 36. Rh4 f4 37.
a4 f3 38. Rh3 f2 39. Rxb3 f1=Q+ 40. Ka2 Qc4 41. Ka3 Qxb3+ 42. Kxb3 e4 0-1

[Event "Sampa Chess Open 2024"]
[Site "Sao Paulo"]
[Date "2024.01.30"]
[Round "2.52"]
[White "De Souza, Ricardo Alves"]
[Black "Haraguchi, Melissa Mayumi Alve"]
[Result "1-0"]
[WhiteElo "1322"]
[BlackElo "1751"]
[PlyCount "129"]
[EventDate "2024.01.29"]
[EventRounds "9"]
[EventCountry "BRA"]

1. Nf3 Nf6 2. g3 d5 3. Bg2 Nc6 4. d4 h6 ({RR} 4... g6 5. b3 Bg7 6. Bb2 O-O 7.
O-O a5 8. Nc3 Bf5 9. Nh4 Ne4 10. Nxe4 dxe4 11. Nxf5 gxf5 12. e3 a4 13. c4 Qd7
14. Bc3 Na5 15. Qd2 b6 16. Qc2 e6 17. f3 exf3 18. Bxf3 Ra7 19. Rad1 {Cech,P 
(2400)-Vogler,T (2315) Germany 2003 1-0 (34)}) 5. O-O Bf5 6. c4 ({RR} 6. a3 e6
7. Nbd2 Bd6 8. c4 dxc4 9. Nxc4 O-O 10. Nfe5 Be4 11. Nxc6 Bxc6 12. f3 Re8 13. e4
Bb5 14. b3 e5 15. Bb2 Qe7 16. Re1 Bxc4 17. bxc4 Rad8 18. Qc2 exd4 19. Bxd4 Bc5
20. Bxc5 Qxc5+ {Timm,C (1573)-Kultscher,C (1366) Berlin GER 2019 1-0 (68)})
6... e6 7. cxd5 $146 ({RR} 7. Nc3 Ne7 8. Ne5 c6 9. Re1 Ng6 10. Nxg6 Bxg6 11.
cxd5 exd5 12. e4 dxe4 13. Nxe4 Nxe4 14. Bxe4 Be7 15. Qb3 f5 {1/2-1/2 (15)
Kittel,P-Jereb,M (1665) Stuttgart 2003}) ({RR} 7. Nbd2 Be7 8. Re1 Nb4 9. e4
Nxe4 10. a3 Nxd2 11. axb4 Nxc4 12. Qa4+ c6 13. b5 Nb6 14. Qb3 O-O 15. bxc6 bxc6
16. Ne5 Qc7 17. Bf4 Bd6 18. Rec1 Bxe5 19. Bxe5 Qd7 20. Rc5 f6 21. Bf4 g5 {
Van Rossum,P (1594)-McHarg,S Edinburgh 2015 0-1 (39)}) ({RR} 7. Ne5 Nxe5 8.
dxe5 Nd7 9. cxd5 exd5 10. Qxd5 c6 11. Qb3 Rg8 12. e4 Be6 13. Qc3 Bc5 14. b4 Bb6
15. Bb2 g5 16. Nd2 g4 17. Nc4 h5 18. a4 Bc7 19. a5 h4 20. Nd6+ Kf8 21. f4 gxf3
{Adesina,A (2177)-Hushie,C (1737) Lagos 2015 1-0}) 7... exd5 8. a3 Be7 9. Nc3
O-O 10. Ne5 Nxe5 11. dxe5 Ng4 12. Qxd5 Qxd5 13. Nxd5 Bd8 14. f4 c6 15. h3 cxd5
16. hxg4 Bxg4 17. Re1 Bb6+ 18. Kh2 Rad8 19. Bd2 Rfe8 20. Bb4 Re6 21. Bd6 Rd7
22. Bxd5 Rg6 23. Rac1 Rd8 24. Bxb7 h5 25. Bc7 Bxc7 26. Rxc7 Rh6 27. Be4 Rd2 28.
Bd3 Rxb2 29. Rxa7 Rb8 30. Rb1 Rd8 31. Ra6 Rxa6 32. Bxa6 Bf5 33. Rb2 Kh7 34. a4
Be6 35. Bd3+ g6 36. a5 Bd5 37. a6 Ra8 38. Rb6 Kg7 39. Rd6 Be6 40. e4 Kf8 41.
Kg1 Ke7 42. Kf2 f6 43. Ke3 f5 44. exf5 gxf5 45. Kd4 Kf7 46. Bc4 Bxc4 47. Kxc4
h4 48. gxh4 Kg7 49. Kb5 Kf7 50. Rb6 Ke7 51. Rb7+ Kd8 52. Kb6 Kc8 53. h5 Rb8 54.
Rxb8+ Kxb8 55. h6 Kc8 56. h7 Kd7 57. h8=Q Ke6 58. Qf6+ Kd5 59. Qd6+ Kc4 60.
Qc5+ Kd3 61. Qb4 Ke3 62. a7 Kd3 63. a8=R Ke3 64. Ra3+ Kf2 65. Qb2+ 1-0

[Event "Sampa Chess Open 2024"]
[Site "Sao Paulo"]
[Date "2024.01.30"]
[Round "2.53"]
[White "Yasuda, Osvaldo Makoto"]
[Black "Navarro, Gustavo Kazuo Yura"]
[Result "0-1"]
[WhiteElo "1318"]
[BlackElo "1800"]
[PlyCount "114"]
[EventDate "2024.01.29"]
[EventRounds "9"]
[EventCountry "BRA"]

1. e4 c6 2. Nf3 d5 3. exd5 cxd5 4. d4 Nc6 5. Bb5 Bg4 6. Be3 Nf6 7. Nbd2 e6 8.
h3 ({RR} 8. c3 Be7 9. O-O O-O 10. Bxc6 bxc6 11. Qa4 Qb6 12. Qb3 Rfc8 13. Ne5
Bf5 14. Ndf3 c5 15. dxc5 Bxc5 16. Bxc5 Qxc5 17. Qb7 Qc7 18. Qxc7 Rxc7 19. Nd4
Bg6 20. Nxg6 hxg6 21. f3 Nd7 22. Rf2 Rb8 {Marques,L (1267)-Branco,J (1706)
Vila Nova de Famalicao POR 2018 0-1 (43)}) 8... Bh5 9. g4 $146 ({RR} 9. O-O Bd6
10. Be2 O-O 11. c3 Rc8 12. Nh2 Bg6 13. Bg5 h6 14. Bh4 Be7 15. Ng4 Nxg4 16. Bxe7
Nxf2 17. Bxd8 Nxd1 18. Raxd1 Rfxd8 19. Nb3 Bc2 20. Rd2 Bxb3 21. axb3 Na5 22. b4
Nc4 23. Bxc4 dxc4 {Horak,K-Mlynek,P (2150) Brno 1996 0-1 (48)}) 9... Bg6 10.
Ne5 Qb6 11. Ba4 Bd6 12. Nxc6 bxc6 13. c3 O-O 14. b4 Ne4 15. Bc2 Nxc3 16. Qc1
Bxc2 17. Qxc2 Nb5 18. a3 Nxd4 19. Qc3 e5 20. Bxd4 Qxd4 21. Qxd4 exd4 22. O-O
Rfe8 23. Nf3 a5 24. Nxd4 Be5 25. Rad1 Bxd4 26. Rxd4 axb4 27. axb4 Rab8 28. Rc1
Rb6 29. Rc5 Reb8 30. Kf1 f6 31. b5 cxb5 32. Rdxd5 b4 33. Rc2 Ra6 34. Rb2 Ra3
35. h4 Rb7 36. Rd4 b3 37. Rd3 Kf7 38. Kg2 Kg6 39. Kf3 h5 40. gxh5+ Kxh5 41. Kg3
Rb4 42. f4 Raa4 43. Rdxb3 Rxf4 44. Rb5+ Kh6 45. Rh2 Rg4+ 46. Kf3 Rxh4 47. Rxh4+
Rxh4 48. Kg3 Ra4 49. Rb1 g5 50. Rf1 Kg6 51. Rf3 f5 52. Rb3 Kh5 53. Rb5 Ra3+ 54.
Kf2 Kg4 55. Rb4+ f4 56. Rb1 Ra2+ 57. Kf1 Kg3 0-1

[Event "Sampa Chess Open 2024"]
[Site "Sao Paulo"]
[Date "2024.01.30"]
[Round "2.56"]
[White "Akamine, Giullia Hikari Nish"]
[Black "Ruvieri, Valter"]
[Result "0-1"]
[WhiteElo "1800"]
[BlackElo "1067"]
[PlyCount "86"]
[EventDate "2024.01.29"]
[EventRounds "9"]
[EventCountry "BRA"]

1. e4 e5 2. Nf3 d6 3. Bc4 Be7 4. c3 Nf6 5. d3 O-O 6. Nbd2 c6 7. d4 $146 ({RR} 
7. Bb3 h6 8. Qe2 Nh7 9. Nf1 a5 10. Ng3 a4 11. Bc2 Be6 12. Nf5 Bxf5 13. exf5 Ng5
14. Bxg5 Bxg5 15. h4 Bf6 16. a3 d5 17. O-O Nd7 18. g3 Re8 19. Nh2 e4 20. dxe4
dxe4 21. Rad1 Qe7 {Lehtosaari,M-Tuomala,T (2228) Finland 2004 0-1 (34)}) ({RR} 
7. Bb3 Na6 8. Bc2 Re8 9. O-O Bg4 10. h3 Bh5 11. Re1 Nc7 12. Nf1 Ne6 13. Ng3
Bxf3 14. Qxf3 g6 15. Bd2 Qc7 16. Bb3 Nc5 17. Bc2 Ne6 18. Bb3 Nc5 19. Bc2 Ne6
20. Bb3 Nc5 21. Bc2 Ne6 {Brooks,M (2463)-Benjamin,J (2583) Saint Louis 2009 1/
2-1/2}) ({RR} 7. Bb3 a5 8. a4 Nbd7 9. Qe2 Nc5 10. Bc2 Re8 11. O-O Bf8 12. Nc4
h6 13. Be3 Qc7 14. b4 axb4 15. cxb4 Ncd7 16. a5 d5 17. Nb6 Ra6 18. Nxc8 Qxc8
19. Rab1 d4 20. Bd2 b5 21. Rfc1 Ra7 {Sanjuan Garcia,M (2021)-Guerra Rivera,S 
(2334) Marbella ESP 2019 1-0 (42)}) ({RR} 7. Bb3 Nbd7 8. O-O a6 9. Re1 b5 10.
Nf1 Nc5 11. Bc2 Ne6 12. d4 Qc7 13. a4 Bd7 14. Ng3 Rfe8 15. Nf5 Bf8 16. N3h4 c5
17. d5 Nf4 18. g3 Ng6 19. Qf3 Nxh4 20. Nxh4 Bg4 21. Qg2 g6 {Golema,P (2071)
-Hauser,C (1893) Neumuehl 2003 0-1 (40)}) ({RR} 7. Bb3 Nbd7 8. Nf1 Nc5 9. Bc2
a5 10. Ng3 Ne8 11. Be3 Ne6 12. Qd2 Qc7 13. O-O g6 14. Bh6 N6g7 15. h3 Kh8 16.
d4 Be6 17. Ng5 Bc4 18. Rfe1 f6 19. b3 Bg8 20. Nf3 Be6 21. Nh2 Rf7 {Roessler,U 
(2221)-Peicheva Hansen,E (2102) Germany 2003 1-0 (47)}) 7... d5 8. exd5 cxd5 9.
dxe5 dxc4 10. exf6 Bxf6 11. Nxc4 Qxd1+ 12. Kxd1 Be6 13. Ncd2 Nc6 14. Ke2 Rfe8
15. Re1 Bc4+ 16. Kd1 Be6 17. Kc2 Bf5+ 18. Kd1 Bd3 19. a4 Ne5 20. Nxe5 Bxe5 21.
Nf3 Bc7 22. Ra3 Be4 23. c4 Rad8+ 24. Bd2 Bxf3+ 25. Rxf3 Be5 26. Rfe3 f6 27. b4
Kf7 28. g3 Re7 29. f4 Red7 30. R1e2 Bd4 31. Re4 Bc3 32. c5 Bxd2 33. b5 Bb4+ 34.
Kc2 Bxc5 35. h4 Rd4 36. Re6 Rxa4 37. Kb3 Rb4+ 38. Kc3 Rxb5 39. g4 Rb6 40. R6e4
a5 41. Kc4 Rc8 42. Kd5 Bb4 43. f5 Rd6# 0-1

[Event "Sampa Chess Open 2024"]
[Site "Sao Paulo"]
[Date "2024.01.30"]
[Round "2.57"]
[White "Akamine, Isabelle Namie Nish"]
[Black "Kassab, Alexandre T Canelas"]
[Result "0-1"]
[WhiteElo "1800"]
[BlackElo "1800"]
[PlyCount "100"]
[EventDate "2024.01.29"]
[EventRounds "9"]
[EventCountry "BRA"]

1. d4 Nf6 2. c4 e6 3. Nc3 d5 4. Bg5 Be7 5. e3 Nbd7 6. Nf3 O-O 7. Bd3 b6 8. O-O
Bb7 9. b3 ({RR} 9. Ne5 h6 10. Bh4 c5 11. f4 Ne4 12. Bxe7 Qxe7 13. Qc2 cxd4 14.
exd4 Nxc3 15. bxc3 dxc4 16. Bxc4 Rac8 17. Bb5 Nf6 18. Bd3 Nd5 19. c4 Ne3 20.
Bh7+ Kh8 21. Qd3 Nxf1 22. Rxf1 Rcd8 23. f5 exf5 {Niyazgulova,M (2227)
-Fairuzova,Z (1750) chess.com INT 2021 1-0}) 9... c5 10. cxd5 $146 ({RR} 10.
Be2 Rc8 11. Rc1 Re8 12. cxd5 exd5 13. dxc5 Nxc5 14. Nb5 a6 15. Nbd4 Nce4 16.
Bf4 Nc3 17. Qd2 Nfe4 18. Qb2 b5 19. Bd3 b4 20. Nd2 Bf6 21. Bxe4 dxe4 22. Nc4 a5
23. Nd6 Ba6 24. Nxe8 Qxe8 {Fischer,M (1640)-Delorme,A (1810) France 1998 1-0 
(60)}) ({RR} 10. Re1 cxd4 11. exd4 h6 12. Bxf6 Bxf6 13. cxd5 exd5 14. Qc2 g6
15. Ne5 Nxe5 16. dxe5 Bg7 17. e6 Bxc3 18. e7 Qc7 19. exf8=Q+ Rxf8 20. Rad1 d4
21. Re2 Qc6 22. f3 Qf6 23. Be4 Bxe4 24. Rxe4 Qf5 {Poulet,A-Thibaud,C France
1997 0-1 (64)}) ({RR} 10. Qc2 h6 11. Bh4 Rc8 12. Nd2 g5 13. Bg3 dxc4 14. bxc4
cxd4 15. exd4 Nh5 16. Rad1 Nxg3 17. hxg3 Nf6 18. Nde4 Nxe4 19. Nxe4 Bxe4 20.
Bxe4 Qc7 21. Bd3 Rfd8 22. Qb1 Kg7 23. Be2 Bf6 24. Qe4 Qc6 {Kowalczyk,S-Keizer,
T Leiden 2000 1-0 (41)}) 10... exd5 11. Ne5 Nxe5 12. dxe5 Ne4 13. Bxe7 Qxe7 14.
Rc1 Qxe5 15. Bxe4 dxe4 16. Qg4 Rad8 17. Rfd1 h5 18. Qf4 Qxf4 19. exf4 Rd3 20.
Re1 f5 21. h3 Rfd8 22. Nb5 a6 23. Nc3 Kf7 24. Ne2 Rd2 25. a4 a5 26. Ng3 g6 27.
Nf1 R2d3 28. Rb1 Bd5 29. Re3 Be6 30. Rb2 Ke7 31. Rg3 Rxg3 32. Nxg3 Rd3 33. Nf1
Rxb3 34. Ra2 Rb1 35. Ra3 Bc4 36. Rc3 Bxf1 37. Kh2 c4 38. Rc2 Bd3 39. Ra2 c3 40.
g4 Rb2 41. Ra1 c2 42. gxh5 gxh5 43. h4 Rb1 44. Rxb1 cxb1=Q 45. f3 Qc2+ 46. Kg1
Qd1+ 47. Kh2 Qe2+ 48. Kg1 Qf1+ 49. Kh2 Qf2+ 50. Kh1 Bf1 0-1